|
|
|
|
| LEADER |
00999nam a2200217 a 4500 |
| 005 |
20151026132451.0 |
| 008 |
960221s1955 dcuabcdjdbkoqu001 0deng d |
| 003 |
ViArRB |
| 080 |
|
|
|a 543.422.3-74
|b NAK.1
|
| 100 |
|
|
|a Nakamoto, Kazuo
|9 13179
|
| 245 |
|
|
|a Infrared and raman spectra of inorganic coordination compounds
|c Kazuo, Nakamoto
|
| 250 |
|
|
|a 6th ed.
|
| 490 |
|
|
|v 2v., v.1 Theory and applications in organic chemistry.-v.2, Applications in coordianation, organometallia and bioinorganic chemistry.
|
| 653 |
|
|
|a Infrared spectroscopy
|a Raman spectroscopy
|
| 942 |
|
|
|c BK
|6 _
|
| 260 |
|
|
|a New Jersey
|b John wiley & sons
|c 2009
|9 12457
|
| 500 |
|
|
|a
|
| 020 |
|
|
|a 9780471744931
|
| 999 |
|
|
|c 49432
|d 49432
|
| 952 |
|
|
|0 0
|1 0
|2 udc
|4 0
|6 543422374_NAK1
|7 0
|9 62171
|a UL
|b UL
|c GEN
|d 2010-06-16
|l 3
|o 543.422.3-74 NAK.1
|p 00063739
|r 2014-06-25
|s 2014-06-04
|w 2010-06-16
|y BK
|
| 952 |
|
|
|0 0
|1 0
|2 udc
|4 0
|6 543422374_NAK2
|7 0
|9 62172
|a UL
|b UL
|c GEN
|d 2010-09-18
|l 2
|o 543.422.3-74 NAK.2
|p 00063740
|r 2014-06-04
|s 2014-03-18
|w 2010-09-18
|y BK
|